000 00996njm a22002777a 4500
005 20100901115333.0
006 a|||||r|||||00| 0
007 sd ammalaaahaa
008 100901t xxu||||| |||| 00| 0 eng d
028 _a3 AEX 5036
_bOdeon
035 _aGR-03134
040 _aSED
_cSED
100 _aMukesh
_917891
245 _aSangam /
_cby Mukesh ; music by Shankar Jaikishan ; lyric by Shailenora
_h[Sound recording]
260 _aDUM DUM, India
_bOdeon
_c1964
300 _a1 Sound disc [Gramophone Recording] :
_banalog, 33 1/3 rpm
_c12 in. (LP)
_fGramophone Record
500 _aBrief record
500 _aRecord Labels : Odeon,Black
505 _aSide-1 (Bol Radha Bol) (Mukesh)--Side-2 (Mai Ka Karoon) (Lata Mangeshkar)
600 _2Mukesh
650 _aClassical music
_xExcerpts
_zIndia
_917892
700 _aShankar Jaikishan
_920579
700 _aShailenora
_920580
942 _2ddc
_cGR
999 _c46578
_d46578